000 00949nam a2200325 a 4500
001 000113291
003 CHAP
005 20220329144347.0
008 170601s2013 es a |r| ||1|||spa d
010 _a109752
011 _a110724
020 _a9788490353110
040 _cCHAP
082 0 4 _a574.192
_bB61 2013
245 0 0 _aBioquímica /
_cpor Christopher K. Mathews ...[et al.].
250 _a4 ed.
260 _aMadrid :
_bPearson Educación, S.A.,
_c2013.
300 _axxiv, 1343 p. :
_bil.
534 _pTít. original :
_tBiochemistry
590 _aE11695DGD
_b10
_c20170602
_lUCH01
_h1211
590 _aE11695DGD
_b10
_c20170602
_lUCH01
_h1212
590 _aE5765TAJ
_b05
_c20170601
_lUCH01
_h1243
590 _aE5765TAJ
_b05
_c20170601
_lUCH01
_h1244
590 _aE5765TAJ
_b05
_c20170601
_lUCH01
_h1318
650 1 4 _aBioquímica.
_912849
700 0 _aMathews, Christopher K.
_973001
901 _aBK
942 _cLIBRO
942 _n0
999 _c109752
_d109752